00305nam a2200133Ia 45000030006000000080041000060400015000471000015000622450035000772500010001122600020001225460012001420050017001540STCL150530s9999 xx 000 0 und d aSTCLcSTCL aThorpe, E. aEssays in historical chemistry aThird bMacmillanc1911 aEnglish20220125170231.0